| 000 | 00615nam 22002173 4500 | ||
|---|---|---|---|
| 001 | 199795 | ||
| 010 | _a972-570-297-2 | ||
| 021 |
_aPT _b192548/03 |
||
| 090 | _a199795 | ||
| 100 | _a20260109d u||y0pory50 ba | ||
| 200 |
_aPetiscos matemáticos : ideias interessantes para ocupar os momentos de lazer _fJon Millington |
||
| 205 | _a1ª | ||
| 210 |
_aLisboa _cReplicação _d2003 |
||
| 215 |
_a95 p. _cil. ; brochado _d21 cm |
||
| 225 | _aMatemática divertida | ||
| 606 |
_91432 _aMatemática |
||
| 675 |
_a51 _vPT _zpor |
||
| 700 |
_96161 _aMillington _bJon |
||
| 801 |
_aPT _bBMMN _gRPC |
||
| 830 | _cVanda | ||
| 990 | _cLIVROS | ||